De quel pays est originaire ce personnage de roman ? - Statistiques

Statistiques générales
  • Ce quiz a été pris 21 fois
  • Le résultat moyen est 23 sur 50
Statistiques - réponses
Question Réponse % Correct
Otto Lidenbrock Allemagne
100%
Bernhard Gunther Allemagne
100%
King-Fo Chine
100%
Don Quichotte Espagne
100%
Scarlett O'Hara Etats-Unis
100%
Arsène Lupin France
100%
Julien Sorel France
100%
Charles Bovary France
100%
Alexis Zorba Grèce
100%
Sliv Dartunghuver Islande
100%
Dracula Roumanie
100%
Harry Potter Royaume-Uni
100%
Maximillian Zorin Allemagne
50%
Claire Littleton Australie
50%
Francesca Doyle Australie
50%
Malko Linge Autriche
50%
Hercule Poirot Belgique
50%
Sigurd Hring Danemark
50%
Don Salluste Espagne
50%
Tom Sawyer Etats-Unis
50%
Michael Pacino Etats-Unis
50%
Norman Bates Etats-Unis
50%
Joseph Rouletabille France
50%
Louise Morvan France
50%
Fabio Montale France
50%
Fantômette France
50%
Salvo Montalbano Italie
50%
Imogène McCarthery Royaume-Uni
50%
Jane Eyre Royaume-Uni
50%
Harry Palmer Royaume-Uni
50%
James Bond Royaume-Uni
50%
Tatiana Romanova Russie
50%
Kurt Wallander Suède
50%
Johnny Rico Argentine
0%
Madame Chapeau Belgique
0%
Jef Kazak Belgique
0%
Katherine Pierce Bulgarie
0%
Armand Gamache Canada
0%
Ogier de Danemarche Danemark
0%
Regan Teresa MacNeil Etats-Unis
0%
Frédéric de Nucingen France
0%
Louis Gerland dit Gnafron France
0%
Léopold Bloom Irlande
0%
Stephen Dedalus Irlande
0%
Harry Hole Norvège
0%
Petitou ou Pinkeltje Pays-Bas
0%
Eustache Scrubb Royaume-Uni
0%
Rosa Klebb Russie
0%
Victor Frankenstein Suisse
0%
Elko Krisantem Turquie
0%
Aucun quiz correspondant
Distribution des résultats
% des personnes avec chaque résultat
Percentile par nombre de réponses
Votre historique - résultats
Vous n’avez pas pris ce quiz